000 01191cam a22003497a 4500
003 CHAP
005 20220329133059.0
008 971013s1991 r 00010 d
010 _a1925
011 _a2897
035 _a2097
040 _cCHAP
090 _aTesis
100 0 0 _aCarmona Muñoz, Rosario Ivone.
_919039
245 0 _aEfecto de tres cargas animal sobre la velocidad de rebrote del pasto Brachiaria decumbens (Stafp)
260 _aChapingo, Méx. :
_bEl Autor,
_c1991
300 _a70 h
502 _aTesis (M.C. Esp. en Producción Animal) -- UACH. Departamento de Zootecnia
590 _aALEPH
_b10
_c20130110
_lUCH01
_h1210
590 _aBATCH-UPD
_b10
_c20130110
_lUCH01
_h0942
590 _aBATCH-UPD
_b10
_c20130410
_lUCH01
_h0558
590 _aBATCH-UPD
_b10
_c20130914
_lUCH01
_h0750
590 _aCONVERSION
_b10
_c20130109
_lUCH01
_h1302
650 1 4 _aBrachiaria decumbens.
_914921
650 1 4 _aPastoreo.
_985984
650 1 4 _aPastos forrajeros
_xCrecimiento.
_986099
650 1 4 _aPastos forrajeros
_xDefoliación.
_986101
901 _aBK
942 _cFOLL
949 _bBC
_cTES
_d-11595
_eTS1
_h23988
_i2097
_si
949 _bBC
_cTES
_d-58026
_eTS2
_fc.2
_h27019
_i2097
_si
999 _c1925
_d1925